South East (Record no. 119059)

MARC details
000 -LEADER
fixed length control field 00527cas a22001935a 4500
001 - CONTROL NUMBER
control field L138973
008 - FIXED-LENGTH DATA ELEMENTS--GENERAL INFORMATION
fixed length control field 070719d19941994xxkar p 0 a0eng u
035 ## - SYSTEM CONTROL NUMBER
System control number (Sirsi) u138973
041 0# - LANGUAGE CODE
Language code of text/sound track or separate title eng
245 00 - TITLE STATEMENT
Title South East
Remainder of title an Estates Times Review
260 ## - PUBLICATION, DISTRIBUTION, ETC.
Place of publication, distribution, etc. London
Name of publisher, distributor, etc. Morgan-Grampian
Date of publication, distribution, etc. [1994]
362 0# - DATES OF PUBLICATION AND/OR SEQUENTIAL DESIGNATION
Dates of publication and/or sequential designation 27 May 1994
520 ## - SUMMARY, ETC.
Summary, etc. A supplement to Estates Times.
554 ## -
-- One per year
651 #4 - SUBJECT ADDED ENTRY--GEOGRAPHIC NAME
Geographic name South East (England)
690 ## - LOCAL SUBJECT ADDED ENTRY--TOPICAL TERM (OCLC, RLIN)
Topical term or geographic name as entry element PROPERTY-COMMERCIAL PROPERTY
785 00 - SUCCEEDING ENTRY
Title Property Week
International Standard Serial Number 0969-7594
942 ## - ADDED ENTRY ELEMENTS (KOHA)
Suppress in OPAC 0
Holdings
Withdrawn status Lost status Source of classification or shelving scheme Damaged status Not for loan Home library Current library Shelving location Date acquired Total Checkouts Full call number Barcode Date last seen Price effective from Koha item type
    Dewey Decimal Classification     London London Gallery 19/07/2007   PROPERTY WEEK 138973-1001 06/08/2019 06/08/2019 Journal